<?xml version="1.0" encoding="UTF-8"?>
<record
    xmlns:xsi="http://www.w3.org/2001/XMLSchema-instance"
    xsi:schemaLocation="http://www.loc.gov/MARC21/slim http://www.loc.gov/standards/marcxml/schema/MARC21slim.xsd"
    xmlns="http://www.loc.gov/MARC21/slim">

  <leader>00663nam a2200205 a 4500</leader>
  <controlfield tag="001">71111</controlfield>
  <controlfield tag="003">BD-RjUL</controlfield>
  <controlfield tag="005">20211209082058.0</controlfield>
  <controlfield tag="008">170326s1913    mdua          000 0 eng d</controlfield>
  <datafield tag="035" ind1=" " ind2=" ">
    <subfield code="a">(BD-RjUL)71326</subfield>
  </datafield>
  <datafield tag="040" ind1=" " ind2=" ">
    <subfield code="a">DLC</subfield>
    <subfield code="c">NBuU</subfield>
    <subfield code="d">OCoLC</subfield>
    <subfield code="b">eng</subfield>
  </datafield>
  <datafield tag="041" ind1=" " ind2=" ">
    <subfield code="a">eng</subfield>
  </datafield>
  <datafield tag="082" ind1=" " ind2=" ">
    <subfield code="2">23</subfield>
    <subfield code="a">961.203</subfield>
    <subfield code="b">BEH 1913</subfield>
  </datafield>
  <datafield tag="100" ind1="1" ind2=" ">
    <subfield code="a">Beehler, William Henry,</subfield>
    <subfield code="d">1848-1915.</subfield>
    <subfield code="9">210392</subfield>
  </datafield>
  <datafield tag="245" ind1="1" ind2="4">
    <subfield code="a">The history of the Italian-Turkish War : </subfield>
    <subfield code="b"> September 29, 1911, to October 18, 1912 /</subfield>
    <subfield code="c">By Commodore W.H. Beehler</subfield>
  </datafield>
  <datafield tag="260" ind1=" " ind2=" ">
    <subfield code="a">U. S. :</subfield>
    <subfield code="b">William H. Beehler ,</subfield>
    <subfield code="c">c1913</subfield>
  </datafield>
  <datafield tag="300" ind1=" " ind2=" ">
    <subfield code="a">118 p. :</subfield>
    <subfield code="b">ill. ;</subfield>
    <subfield code="c">24 cm.</subfield>
  </datafield>
  <datafield tag="650" ind1=" " ind2="0">
    <subfield code="a">Turco-Italian War, 1911-1912.</subfield>
    <subfield code="9">210393</subfield>
  </datafield>
  <datafield tag="942" ind1=" " ind2=" ">
    <subfield code="2">ddc</subfield>
    <subfield code="c">BK</subfield>
  </datafield>
  <datafield tag="999" ind1=" " ind2=" ">
    <subfield code="c">71111</subfield>
    <subfield code="d">71111</subfield>
  </datafield>
  <datafield tag="952" ind1=" " ind2=" ">
    <subfield code="0">0</subfield>
    <subfield code="1">0</subfield>
    <subfield code="2">ddc</subfield>
    <subfield code="4">0</subfield>
    <subfield code="7">1</subfield>
    <subfield code="8">NFIC</subfield>
    <subfield code="a">RUCL</subfield>
    <subfield code="b">RUCL</subfield>
    <subfield code="c">Reading</subfield>
    <subfield code="d">1966-10-06</subfield>
    <subfield code="e">A. T. Qualifier </subfield>
    <subfield code="g">14.40</subfield>
    <subfield code="l">0</subfield>
    <subfield code="o">961.203 BEH 1913</subfield>
    <subfield code="r">2017-04-26 00:00:00</subfield>
    <subfield code="t">C-1</subfield>
    <subfield code="w">2017-04-26</subfield>
    <subfield code="y">BK</subfield>
  </datafield>
</record>
